Republic of Armenia : Technical Assistance Report-Government Finance Statistics.

The mission to Armenia took place between September 27-October 8, 2021 to assist the authorities to improve their Government Finance Statistics (GFS) compilation practices. The technical assistance (TA) mission was conducted by Ms. Ivana Jablonska and Mr. David Bailey at the request of the Ministry...

Descrizione completa

Dettagli Bibliografici
Ente Autore: International Monetary Fund. Statistics Dept
Natura: Periodico
Lingua:English
Pubblicazione: Washington, D.C. : International Monetary Fund, 2022.
Serie:IMF Staff Country Reports; Country Report ;No. 2022/094
Soggetti:
Accesso online:Full text available on IMF
LEADER 01944cas a2200289 a 4500
001 AALejournalIMF022608
008 230101c9999 xx r poo 0 0eng d
020 |c 5.00 USD 
020 |z 9798400204449 
022 |a 1934-7685 
040 |a BD-DhAAL  |c BD-DhAAL 
110 2 |a International Monetary Fund.  |b Statistics Dept. 
245 1 0 |a Republic of Armenia :   |b Technical Assistance Report-Government Finance Statistics. 
264 1 |a Washington, D.C. :  |b International Monetary Fund,  |c 2022. 
300 |a 1 online resource (26 pages) 
490 1 |a IMF Staff Country Reports 
500 |a <strong>Off-Campus Access:</strong> No User ID or Password Required 
500 |a <strong>On-Campus Access:</strong> No User ID or Password Required 
506 |a Electronic access restricted to authorized BRAC University faculty, staff and students 
520 3 |a The mission to Armenia took place between September 27-October 8, 2021 to assist the authorities to improve their Government Finance Statistics (GFS) compilation practices. The technical assistance (TA) mission was conducted by Ms. Ivana Jablonska and Mr. David Bailey at the request of the Ministry of Finance (MOF) and with the support of the IMF's Middle East and Central Asia Department (MCD). The main objectives of the mission were to assist the authorities in finalizing a comprehensive sectorized list of all public sector units -known as, the public sector institutional table (PSIT) - and in compiling annual general government GFS data for 2020. 
538 |a Mode of access: Internet 
650 7 |a International Agreements and Observance  |2 imf 
650 7 |a International Organizations  |2 imf 
650 7 |a Monetary Policy  |2 imf 
650 7 |a Money and Monetary Policy  |2 imf 
830 0 |a IMF Staff Country Reports; Country Report   |v ;No. 2022/094 
856 4 0 |z Full text available on IMF  |u https://elibrary.imf.org/openurl?genre=journal&issn=1934-7685&volume=2022&issue=094  |z IMF e-Library